000 04770cam a22007094i 4500
003 PE-LiUPU
005 20250731172837.0
008 151021s2013 flu r 000 0 spa d
020 _a9781611611816
035 _a(Sirsi) i9781611611816
040 _aPE-LiUPU
_bspa
_dPE-LiUPU
_erda
041 _aspa
_heng
049 _aPRUA
050 4 _aBS1556
_b.C53 2011
082 0 4 _a286.732
_bR3
_220
082 0 4 _a286.73205
_bCA
_221
245 1 3 _aEl remanente :
_bel enfoque adventista /
_cÁngel M. Rodríguez, editor.
250 _aPrimera edición.
264 1 _aFlorida :
_bApia,
_c2013.
300 _axxiv, 245 páginas ;
_c23 centímetros.
336 _atext
_2rdacontent
337 _aunmediated
_2rdamedia
338 _avolume
_2rdacarrier
490 1 _aClásicos del adventismo ;
_v9
505 0 _aEl remanente del Antiguo Testamento -- El remanente en las obras apocalípticas judías no canónicas y en Qumrán -- El remanente en los evangelios -- El remanente en el pensamiento paulino -- El remanente en el libro de Apocalipsis -- El remanente y los mandamientos de Dios: Apocalípsis 12:17 -- La teología sabática en el libro de Apocalipsis -- Las marcas identificativas del remanente escatológico en el libro de Apocalipsis -- El remanente en la teología adventista contemporánea -- El pueblo remanente de Dios en los escritos de Elena G. de White -- Ensayo final: el remanente escatológico de Dios y la iglesia cristiana -- El "testimonio de Jesús" en los escritos de Elena G. de White.
526 _aSEG42
526 _aSEG41
526 _aSEG40
526 _aSEG39
526 _aP94
526 _aP87
526 _aP86
526 _aP85
526 _aP77
526 _aP76
526 _aP35
534 _pTítulo original :
_tToward a Theology of the Remnant.
541 _g0800-00000074;
650 1 4 _aAdventistas del Séptimo Día
_xDoctrinas
_xRemanente (Teología).
650 2 4 _aRemanente (Teología).
910 _bjck
_c
_d20151020
942 _2ddc
_cBOOK
949 _a286.732 R3
_wDEWEY
_c1
_i75390
_lCCODEBUL1
_mBUL
_p22.66
_r0
_sY
_tBOOK
_u2017-2-2
_xTEOLOGIA
_PP35
_0COMPRA
_o.STAFF. Colección Teología
949 _a286.732 R3
_wDEWEY
_c2
_i75391
_d2017-6-25
_e2017-6-20
_lCCODEBUL1
_mBUL
_n1
_p22.66
_r0
_sY
_tBOOK
_u2017-2-3
_xTEOLOGIA
_PP35
_0COMPRA
_o.STAFF. Colección Teología
949 _a286.732 R3
_wDEWEY
_c3
_i75392
_d2017-6-26
_e2017-6-23
_lCCODEBUL1
_mBUL
_n2
_p22.66
_r0
_sY
_tBOOK
_u2017-2-3
_xTEOLOGIA
_PP35
_0COMPRA
_o.STAFF. Colección Teología
949 _aBX6122.R44 T69 S18 2013
_wLC
_c1
_i51680-1001
_lCIA
_mBWL
_p23.00
_r1
_sY
_tBOOK
_u2015-10-21
_xWHITE
_zUNKNOWN
_0COMPRA
_o.STAFF. Centro White
949 _aBX6122.R44 T69 S18 2013
_wLC
_c2
_iCW00231
_lCIA
_mBWL
_p23.00
_r0
_sY
_tBOOK
_u2017-3-14
_xWHITE
_zUNKNOWN
_0COMPRA
_o.STAFF. Centro White
949 _aBX6122.R44 T69 S18 2013
_wLC
_c3
_iCW00232
_lCIA
_mBWL
_p23.00
_r0
_sY
_tBOOK
_u2017-3-14
_xWHITE
_zUNKNOWN
_0COMPRA
_o.STAFF. Centro White
949 _aBX6122.R44 T69 S18 2013
_wLC
_c4
_iCW00234
_lCIA
_mBWL
_p23.00
_r0
_sY
_tBOOK
_u2017-3-14
_xWHITE
_zUNKNOWN
_0COMPRA
_o.STAFF. Centro White
949 _aBX6122.R44 T69 S18 2013
_wLC
_c5
_iCW00235
_lCIA
_mBWL
_p23.00
_r0
_sY
_tBOOK
_u2017-3-14
_xWHITE
_zUNKNOWN
_0COMPRA
_o.STAFF. Centro White
994 _aC0
_bPEPRU
596 _a1 4
999 _aBX6122.R44 T69 S18 2013
_wLC
_c7715
_iCW00234
_lCCODECWL1
_mBUL
_p23.00
_r0
_sY
_tBOOK
_u2017-3-14
_xWHITE
_zUNKNOWN
_0COMPRA
_o.STAFF. Centro White
_d7715
999 _aBX6122.R44 T69 S18 2013
_wLC
_c5
_iCW00235
_lCCODECWL1
_mBUL
_p23.00
_r0
_sY
_tBOOK
_u2017-3-14
_xWHITE
_zUNKNOWN
_0COMPRA
_o.STAFF. Centro White
999 _a286.732 R3
_wDEWEY
_c1
_i75390
_d2019-7-19
_e2019-7-19
_f2021-11-11
_g5
_lCCODEBUL1
_mBUL
_n3
_p22.66
_q2
_r0
_sY
_tBOOK
_u2017-2-2
_xTEOLOGIA
_PP35
_0COMPRA
_o.STAFF. Colección Teología
999 _a286.732 R3
_wDEWEY
_c2
_i75391
_d2019-5-21
_e2019-5-19
_f2021-11-11
_g5
_lCCODEBUL1
_mBUL
_n6
_p23.00
_q3
_r0
_sY
_tBOOK
_u2017-2-3
_xTEOLOGIA
_PP35
_0COMPRA
_o.STAFF. Colección Teología
999 _a286.732 R3
_wDEWEY
_c3
_i75392
_d2019-6-11
_e2019-6-5
_f2021-11-11
_g5
_lCCODEBUL1
_mBUL
_n6
_p23.00
_q7
_r0
_sY
_tBOOK
_u2017-2-3
_xTEOLOGIA
_PP35
_0COMPRA
_o.STAFF. Colección Teología
999 _a286.73205 CA 9 2013
_wLC
_c1
_i51680-1001
_lCRAI-HOUSE
_mBWL
_p23.00
_r1
_sY
_tBOOK
_u2015-10-21
_xWHITE
_zUNKNOWN
_0COMPRA
_o.STAFF. Centro White
999 _a286.73205 CA 9 2013
_wLC
_c2
_iCW00231
_f2021-12-22
_g2
_lCCODECWL1
_mBWL
_p23.00
_r0
_sY
_tBOOK
_u2017-3-14
_xWHITE
_zUNKNOWN
_0COMPRA
_o.STAFF. Centro White
999 _a286.73205 CA 9 2013
_wLC
_c3
_iCW00232
_f2021-12-22
_g4
_lCCODECWL1
_mBWL
_p23.00
_r0
_sY
_tBOOK
_u2017-3-14
_xWHITE
_zUNKNOWN
_0COMPRA
_o.STAFF. Centro White
980 _81
_gALBERTO SANCHEZ Responsable de Automatización